00393nam a22001337a 450000500170000000800410001704100250005808200130008310000250009624500510012126000360017230000250020865000260023320240215130555.0240215b |||||||| |||| 00| 0 eng d aAfrikaans / English  a349 TYD  lAfrikaans / English  aTydskrif vir Hedendaagse Romeins-Hollands Reg  aDurban : bButterworth, c2013  b113 pages ; c25 cm. aLegal practice bLaw